000 00732nam a2200253 a 4500
001 BRL_942
005 20190320210949.0
008 281013s1973----nz-a######---#000-0#eng-#
020 _a0589000055
041 _aeng
044 _anz
050 4 _aTT848
_b.M43 1973
100 1 _aMead, Sidney M.
_925389
245 1 0 _aThe art of Taaniko weaving
_ba study of its cultural context, technique, style, and development
_cby Sidney M. Mead.
260 _aWellington
_bA. H. & A. W. Reed
_c1973
300 _a95 p.
_bil.
_c25 cm.
500 _aAu1007
504 _aBibliografía: p. 93
650 1 4 _aTejido a mano Maori
_925390
650 1 4 _aTejeduria Maori
_925391
650 1 4 _aTelas Maori
_925392
902 _aGRL
942 _2lcc
_cB
999 _c9754
_d9754